Инновационно-технологическое развитие региона (Запись № 11313531)
[ простой вид ]
| 000 -МАРКЕР | |
|---|---|
| контрольное поле | 01899nam0a2200361 i 4500 |
| 001 - ИДЕНТИФИКАТОР ЗАПИСИ | |
| контрольное поле | RU\NLR\BIBL_A\011363896 |
| 005 - ИДЕНТИФИКАТОР ВЕРСИИ | |
| контрольное поле | 20260407105728.0 |
| 010 ## - МЕЖДУНАРОДНЫЙ СТАНДАРТНЫЙ НОМЕР КНИГИ (ISBN) | |
| Номер (ISBN) | 9785946465717 |
| Тираж | 500 |
| 021 ## - НОМЕР ГОСУДАРСТВЕННОЙ РЕГИСТРАЦИИ | |
| Код страны | Российская Федерация |
| Номер | 2017-16860 |
| Номер Листа государственной регистраци | 1247 |
| 035 ## - ДРУГИЕ СИСТЕМНЫЕ НОМЕРА | |
| Идентификатор записи | (RuMoRGB)008820320 |
| 035 ## - ДРУГИЕ СИСТЕМНЫЕ НОМЕРА | |
| Идентификатор записи | (NLR Aleph) 011363896 |
| 100 ## - ДАННЫЕ ОБЩЕЙ ОБРАБОТКИ | |
| Данные общей обработки | 20170410d2016 km y0rusy50 ca |
| 101 0# - ЯЗЫК РЕСУРСА | |
| Язык текста, звукозаписи и т.д. | русский |
| 102 ## - СТРАНА ПУБЛИКАЦИИ ИЛИ ПРОИЗВОДСТВА | |
| Страна публикации | Российская Федерация |
| 105 ## - ПОЛЕ КОДИРОВАННЫХ ДАННЫХ: ТЕКСТОВЫЕ МАТЕРИАЛЫ, МОНОГРАФИЧЕСКИЕ | |
| Кодированные данные о монографическом текстовом документе | a|||z|||000zy |
| 200 1# - ЗАГЛАВИЕ И СВЕДЕНИЯ ОБ ОТВЕТСТВЕННОСТИ | |
| Основное заглавие | Инновационно-технологическое развитие региона |
| Сведения, относящиеся к заглавию | [монография |
| Первые сведения об ответственности | д.э.н., проф. Куклин А. А., д.э.н. Голова И. М., д.ф.н., проф. Суховей А. Ф. и др.] |
| Последующие сведения об ответственности | под научной редакцией д.э.н., проф. А. А. Куклина [и др.] |
| -- | Российская академия наук, Уральское отделение, Институт экономики |
| 210 ## - ПУБЛИКАЦИЯ, РАСПРОСТРАНЕНИЕ И ДР. | |
| Место издания, распространения и т.д. | Екатеринбург |
| Имя издателя, распространителя и т. д. | Институт экономики |
| Дата издания, распространения и т.д. | 2016 |
| 215 ## - ФИЗИЧЕСКАЯ ХАРАКТЕРИСТИКА | |
| Специфическое обозначение материала и объем | 214 с. |
| Другие сведения о физической характеристике | ил., табл. |
| Размеры | 21 |
| 300 ## - ОБЩИЕ ПРИМЕЧАНИЯ | |
| Текст примечания | Авт. указаны на 3-й с. |
| 320 ## - ПРИМЕЧАНИЯ О НАЛИЧИИ В ДОКУМЕНТЕ БИБЛИОГРАФИИ / УКАЗАТЕЛЯ | |
| Текст примечания | Библиогр.: с. 164-178 |
| 606 1# - НАИМЕНОВАНИЕ ТЕМЫ КАК ПРЕДМЕТ | |
| Наименование темы | Инновационная деятельность |
| Географический подзаголовок | Уральский федеральный округ |
| Системный номер авторитетной/нормативной записи | 2295166 |
| Идентификатор авторитетной/нормативной записи | RU\NLR\AUTH\661374360 |
| 686 ## - ИНДЕКСЫ ДРУГИХ КЛАССИФИКАЦИЙ | |
| Индекс | У9(2)0-551.1,0 |
| Код системы | |
| 686 1# - ИНДЕКСЫ ДРУГИХ КЛАССИФИКАЦИЙ | |
| Индекс | У9(2)-55(2Р36) |
| 701 #1 - ИМЯ ЛИЦА - АЛЬТЕРНАТИВНАЯ ОТВЕТСТВЕННОСТЬ | |
| Начальный элемент ввода | Куклин |
| Часть имени, кроме начального элемента ввода | А. А. |
| Расширение инициалов личного имени | Александр Анатольевич |
| 701 #1 - ИМЯ ЛИЦА - АЛЬТЕРНАТИВНАЯ ОТВЕТСТВЕННОСТЬ | |
| Начальный элемент ввода | Голова |
| Часть имени, кроме начального элемента ввода | И. М. |
| Расширение инициалов личного имени | Ирина Марковна |
| 701 #1 - ИМЯ ЛИЦА - АЛЬТЕРНАТИВНАЯ ОТВЕТСТВЕННОСТЬ | |
| Начальный элемент ввода | Суховей |
| Часть имени, кроме начального элемента ввода | А. Ф. |
| Дополнения к именам, кроме дат | д-р филос. наук, экономика, политика |
| Расширение инициалов личного имени | Алла Филипповна |
| Системный номер авторитетной/нормативной записи | 180002 |
| Идентификатор авторитетной/нормативной записи | RU\NLR\AUTH\770180053 |
| 712 02 - НАИМЕНОВАНИЕ ОРГАНИЗАЦИИ - ВТОРИЧНАЯ ОТВЕТСТВЕННОСТЬ | |
| Код отношения | Прочие |
| Начальный элемент ввода | Институт экономики |
| Идентифицирующий признак | Екатеринбург |
| Идентификатор авторитетной/нормативной записи | RU\NLR\AUTH\889937498 |
| Системный номер авторитетной/нормативной записи | 369820 |
| 942 ## - ДОПОЛНИТЕЛЬНЫЕ ЭЛЕМЕНТЫ ЗАПИСИ (АБИС) | |
| Тип экземпляра АБИС | Книга |
| 980 ## - КОЛЛЕКЦИЯ | |
| Название коллекции | НБР |
Нет доступных экземпляров.